| 000 | 00479cam a22001932a 4500 | ||
|---|---|---|---|
| 001 | 021395 | ||
| 003 | AR-FADEU | ||
| 008 | 311216n1965####xxu####################dd | ||
| 092 |
_a940.3 _bM294 _eJLS |
||
| 100 | _aManusevich, Alejandro | ||
| 245 | _aLa primera guerra mundial 1914-1918 | ||
| 260 | _aBuenos Aires | ||
| 260 | _bCartago | ||
| 260 | _c1965 | ||
| 300 | _a174 p | ||
| 440 |
_aEnciclopedia popular _n14 |
||
| 650 | _aGUERRA MUNDIAL-PRIMERA/JLS/ | ||
| 942 | _cJLS | ||
| 999 |
_c27113 _d27113 |
||